| 000 | 00837nam a2200277 4500 | ||
|---|---|---|---|
| 003 | OSt | ||
| 005 | 20260601193840.0 | ||
| 008 | 260420b2001 mx a|||| |||| 00| 0 spa d | ||
| 020 | _a9688873942 | ||
| 040 |
_aICI _bspa _cICI |
||
| 041 | _aspa | ||
| 050 |
_aZ246 _bK5518 |
||
| 100 | 1 | _aKing, Stacey, | |
| 240 | 1 |
_aMagazine design that works. _lEspañol |
|
| 245 | 1 |
_a Diseño de revistas : _bpasos para conseguir el mejor diseño / _cStacey King ; tr. |
|
| 264 |
_bGustavo Gili _c2001 _aMéxico : |
||
| 300 |
_a160 páginas _bilustraciones |
||
| 336 |
_atexto _2rdacontent |
||
| 337 |
_asin medio _2rdamedia |
||
| 338 |
_avolumen _2rdacarrier |
||
| 500 | _aTraduccion de: Magazine design that works | ||
| 650 | _aMaquetación | ||
| 650 | _aDiseño de revistas | ||
| 700 | 1 |
_aRosell i Miralles, Eugeni, _etraductor |
|
| 942 |
_2lcc _cB |
||
| 999 |
_c21392 _d21392 |
||